Biodiesel : (Record no. 8470)
[ view plain ]
| 000 -LEADER | |
|---|---|
| fixed length control field | 00621cam a22002052 4500 |
| 001 - CONTROL NUMBER | |
| control field | 0000013170 |
| 005 - DATE AND TIME OF LATEST TRANSACTION | |
| control field | 20151217152123.0 |
| 008 - FIXED-LENGTH DATA ELEMENTS--GENERAL INFORMATION | |
| fixed length control field | 090614s xx 000 0 eng d |
| 020 ## - INTERNATIONAL STANDARD BOOK NUMBER | |
| International Standard Book Number | 1931498652 : |
| 040 ## - CATALOGING SOURCE | |
| Original cataloging agency | KABU |
| Transcribing agency | KABU |
| 100 1# - MAIN ENTRY--PERSONAL NAME | |
| Personal name | Pahl, Greg. |
| -- | 0000170308 |
| 245 10 - TITLE STATEMENT | |
| Title | Biodiesel : |
| Remainder of title | growing a new energy economy / |
| Statement of responsibility, etc. | Greg Pahl. |
| 250 ## - EDITION STATEMENT | |
| Edition statement | 1st ed. |
| 260 ## - PUBLICATION, DISTRIBUTION, ETC. (IMPRINT) | |
| Place of publication, distribution, etc. | White River Junction, Vermont : |
| Name of publisher, distributor, etc. | Chelsea Green Publishing, |
| Date of publication, distribution, etc. | 2005. |
| 300 ## - PHYSICAL DESCRIPTION | |
| Extent | xiv, 281 p. |
| 650 #0 - SUBJECT ADDED ENTRY--TOPICAL TERM | |
| Topical term or geographic name as entry element | Biodiesel fuels. |
| -- | 0000170309 |
| 852 1# - LOCATION | |
| -- | p1950 KES |
| 908 ## - PUT COMMAND PARAMETER (RLIN) | |
| Put command parameter | 090614 |
| 950 ## - LOCAL HOLDINGS (RLIN) | |
| -- | 1 |
| Withdrawn status | Lost status | Source of classification or shelving scheme | Not for loan | Home library | Current library | Date acquired | Total Checkouts | Full call number | Barcode | Date last seen | Date last checked out | Price effective from | Koha item type |
|---|---|---|---|---|---|---|---|---|---|---|---|---|---|
| Library of Congress Classification | Kabarak, Main Campus | Kabarak, Main Campus | 17/12/2015 | 1 | TP359 .B46P34 2005 c. 1 | 17866 | 17/04/2018 | 13/04/2018 | 17/12/2015 | General Collection |